MDQL
is popping MORE tags! Check the
thread
!
Quizzes
Events
Quiz Creation
Community
Videos
Private Events
Remove Ads
Sign In
Join for FREE
Feedback
Dark Mode
Quiz Categories
Sports
Geography
Music
Movies
Television
Just For Fun
Miscellaneous
History
Literature
Language
Science
Gaming
Entertainment
Religion
Holiday
For Kids
Quiz Lab
Recent
Popular Today
Quiz Kudos Today
Editor Picks
Curator Picks
Quizzes by...
Day
Popularity
Type
Ratings
Length
Year
Community
Subscriptions
Recent Discussions
Orange Saloon
Badges
Playlists
Quests
Create
Leaderboards
Showdown
Live 5
Trivia Bingo
Activity
Puzzle Library
Sporcle Events
Private Events
Virtual Trivia
Globe League
Become a Host
Pub Owners
SporcleCon
Opinionation
Our Games
Videos
Blog
Mobile Apps
Partnerships
Remove Ads and Go Orange
Feedback
Sports
Athletes
MLB
NBA
NHL
NFL
Soccer
Sports Teams
WWE
NCAA
Football
Premier League
Basketball
Baseball
Hockey
Golf
Tennis
Cricket
Rugby
Auto Racing
Olympics
World Cup
Sports
Athletes
MLB
NBA
NHL
NFL
Soccer
Sports Teams
WWE
NCAA
Football
Premier League
Basketball
Baseball
Hockey
Golf
Tennis
Cricket
Rugby
Auto Racing
Olympics
World Cup
Random Quiz
Search Sporcle
×
Quiz Lab
Quiz Lab
Sports
Decade
Type in answers that appear in a list
Type in answers that appear in a list
Classic
Best Score? Go Orange.
ESPN top 100 baseball players of decade Stats
Can you name the ESPN top 100 baseball players of decade?
By
voguechirose
9m
100 Questions
336 Plays
336 Plays
336 Plays
Comments
Comments
Give Quiz Kudos
Give Quiz Kudos
-
- Ratings
hide this ad
Replay
Link that replays current quiz
Next Quiz
Link to next quiz in quiz playlist
You Got
0%
They Got
Avg Score
46%
Avg Friend Score
Upgrade to see
Score Distribution
Jump to the score distribution portion of the page
Score
0/100
Timer
09:00
0
Plays Today
% Correct
Albert Pujols
89%
Alex Rodriguez
88.7%
Derek Jeter
88.1%
Ivan Rodriguez
88.1%
Barry Bonds
81.5%
Manny Ramirez
80.1%
Hanley Ramirez
79.2%
Aramis Ramirez
79.2%
David Ortiz
75.9%
Randy Johnson
75%
Derrek Lee
75%
Carlos Lee
74.7%
Chipper Jones
73.2%
Andruw Jones
72.6%
Mariano Rivera
71.7%
Roy Halladay
71.1%
Pedro Martinez
68.8%
Victor Martinez
68.5%
Roger Clemens
68.2%
Miguel Cabrera
67%
Ichiro Suzuki
63.4%
Todd Helton
63.4%
Curt Schilling
63.4%
Joe Mauer
63.4%
David Wright
63.1%
Sammy Sosa
63.1%
Chase Utley
62.8%
Jimmy Rollins
62.8%
CC Sabathia
61.9%
Greg Maddux
61%
Johan Santana
60.4%
Vladimir Guerrero
58.9%
Carlos Beltran
58.6%
Lance Berkman
56.5%
% Correct
Jorge Posada
56.3%
Jim Thome
56.3%
Tom Glavine
56%
Jason Giambi
55.4%
Josh Beckett
54.8%
Mark Teixeira
53%
Jose Reyes
52.7%
Frank Thomas
52.7%
Tim Hudson
51.8%
Carlos Delgado
51.5%
Andy Pettitte
51.5%
Roy Oswalt
50.9%
Michael Young
50%
Barry Zito
48.8%
Torii Hunter
48.2%
Matt Holliday
48.2%
Johnny Damon
47.9%
Miguel Tejada
47.3%
Gary Sheffield
47.3%
Adrian Beltre
47.3%
Derek Lowe
46.7%
Jeff Kent
46.1%
Vernon Wells
46.1%
Jim Edmonds
45.8%
Adam Dunn
44.9%
Carl Crawford
44.9%
Scott Rolen
44.3%
Larry Walker
44%
Magglio Ordonez
42.6%
Freddy Garcia
40.8%
Bobby Abreu
39.9%
Jake Peavy
39%
Mike Mussina
38.4%
Mike Lowell
37.8%
% Correct
Troy Glaus
37.2%
Eric Chavez
34.8%
Grady Sizemore
34.5%
Nomar Garciaparra
34.2%
Carlos Zambrano
33%
Kevin Youkilis
31.8%
JD Drew
31.5%
Mark Buehrle
29.5%
John Lackey
28.9%
Brandon Webb
28.3%
Edgar Renteria
25%
Brian Giles
24.4%
Bartolo Colon
24.1%
Jamie Moyer
23.2%
Tim Wakefield
20.5%
Dan Haren
20.2%
Placido Polanco
18.8%
Kenny Rogers
17%
Rafael Furcal
16.7%
Javier Vazquez
16.4%
Melvin Mora
16.4%
Mike Cameron
15.5%
Carlos Guillen
13.1%
Chone Figgins
11.6%
Brad Radke
7.7%
Cliff Floyd
6.8%
Randy Winn
4.8%
Ray Durham
4.2%
Kelvim Escobar
4.2%
Corey Koskie
3.3%
Jarrod Washburn
2.4%
Jose Valentin
2.4%
Quiz Playlist
Details
Report
Send in Message
Add To Playlist
Classic:
Type in answers that appear in a list
Last Updated: Feb 16, 2017
Quiz Scoreboard
CHALLENGE
Sign Up to Join the Scoreboard
Show All
Scores
Hide
Comments
May contain spoilers
Recently Published
5x2 Blitz: Bands
by SL_Kpop136
Music
30s
Colored Red Africa Blitz
by spor1
Geography
30s
Find the 'City' Movie
by crazypaving
Movies
60s
More to Explore
Quiz From the Vault
Featured Blog Post
14 Easter Pick-up Lines to Find Eggs With
hide this ad
You Might Also Like...
Tags
Baseball Quiz
Decade Quiz
Top 100
Today's Top Quizzes in Sports
Browse Sports
hide this ad
Today's Top Quizzes in Decade
Browse Decade
Top Contributed Quizzes in Sports
1
Players with Multiple 50 Home Run Seasons
2
Who Needs Fielders?
3
Criteria MLB: Left Handed Sluggers
4
MLB Players with Two .350 Batting Average Seasons
5
Who Hit More Homers?
6
2020 F1 Drivers Logic Puzzle
7
NBA Teammate Connections
8
Premier League Clubs since 2000 (minefield)
9
MLB Teams by First Game
10
Top 10 NHL Goal Scorers of All Time
Explore More
Trending Topics
Anime
Harry Potter
Disney
Crossword
Kpop
NBA
Marvel
The Office
WWE
NFL
Puzzle
Song
Pokémon
Country
Soccer
hide this ad
More By:
voguechirose
Quiz
Plays
Rating
Category
Featured
Created
ESPN top 100 baseball players of decade
336
2.25
Sports
Feb 22, 2011
Multiple Championship Coaches NCAA
51
Sports
Feb 22, 2011
Go to Creator's Profile
Score Distribution
Quiz Creator Spotlight
voguechirose
Follow
Send a Message
Quizzes Created
-
Created Quiz Play Count
-
More By This Creator
Popular Quizzes Today
1
Find the 'City' Movie
2
5x2 Blitz: Bands
3
Colored Red Africa Blitz
4
The Countries of the World
5
Find the US States - No Outlines Minefield
6
Find the US States
7
9x9 Crossword: Cartoon Network
8
US States
More Sports Quizzes
Wins Against All 30 MLB Teams
Published
Trending Quizzes
Colored Red Africa Blitz II
Colored Red Europe Blitz I
Colored Red Africa Blitz III
Colored Red Europe Blitz II
Colored Red Europe Blitz III
Recently Updated
Champions League XIs: Real Madrid
pecheneg
Largest US Cities 1790-2010
pecheneg
Rides in Walt Disney World
pecheneg
Most Oscar Losses (Acting)
pecheneg
Beyoncé Albums
pecheneg
Leaping Animals
pecheneg
Reality TV Shows (A-Z)
bhenderson79
Rickey Henderson's Hall of Fame Teammates
pecheneg
Champions League XIs: Arsenal
pecheneg
Quick Pick: Celebrities in WWE's Hall of Fame
aduchscher
Trending Topics
Harry Potter
NBA
Kpop
Disney
Marvel
Anime
Crossword
Country
Pokémon
The Office
Soccer
WWE
Puzzle
NFL
Song
Your Account Isn't Verified!
In order to create a playlist on Sporcle, you need to verify the email address you used during registration. Go to your
Sporcle Settings
to finish the process.
Report this User
Report this user for behavior that violates our
Community Guidelines
.
Details:
Send Report
Go to the Sporcle.com Mobile Site →
Comments